000
00217 a2200097 4500
001
45597
100
_a
Dulles, A
245
_a
the craft of intelligence
260
_a
London
_b
Westview press
_c
090
_c
28761
_d
28761
942
_a
NUST-CAE
_c
M
_c
20848
999
_c
280670
_d
280670